| 000 | 00683cam a22002413a 4500 | ||
|---|---|---|---|
| 001 | 26797 | ||
| 003 | PGUSA | ||
| 005 | 20140828083558.0 | ||
| 008 | 081007s2008||||xxu|||||s|||||000 p eng d | ||
| 040 |
_aPGUSA _beng |
||
| 042 | _adc | ||
| 050 | 4 | _aPS | |
| 100 | 1 |
_aAdams, Franklin P. _q(Franklin Pierce), _d1881-1960 |
|
| 245 | 1 | 0 |
_aSomething Else Again _h[electronic resource] / _cFranklin P. Adams |
| 260 |
_bProject Gutenberg, _c2008 |
||
| 506 | _aPublic domain in the USA. | ||
| 516 | _aElectronic text | ||
| 653 | _aParodies | ||
| 653 | _aHumorous poetry, American | ||
| 830 | 0 |
_aProject Gutenberg _v26797 |
|
| 856 | 4 | 0 | _uhttp://www.gutenberg.org/ebooks/26797 |
| 942 | _cEB | ||
| 999 |
_c256052 _d256052 |
||